|
|
|
|
| LEADER |
00000nam0a2200000 4500 |
| 001 |
340438 |
| 005 |
20231102005235.0 |
| 010 |
|
|
|a 5751117891
|
| 035 |
|
|
|a (RuTPU)RU\TPU\book\367300
|
| 090 |
|
|
|a 340438
|
| 100 |
|
|
|a 20180326d2004 k y0rusy50 ca
|
| 101 |
0 |
|
|a rus
|
| 102 |
|
|
|a RU
|
| 105 |
|
|
|a y z 111zy
|
| 200 |
1 |
|
|a Дефиниции культуры
|e сборник трудов участников шестой сессии Всероссийского семинара молодых ученых, г. Томск, ноябрь 2003 г.
|f Томский государственный университет (ТГУ) ; Российский гуманитарный научный фонд (РГНФ)
|
| 210 |
|
|
|a Томск
|c Изд-во Томского ун-та
|d 2004
|
| 215 |
|
|
|a 210 с.
|
| 300 |
|
|
|a Посвящ. 400-летию Томска.
|
| 320 |
|
|
|a Библиогр. в конце докл.
|
| 330 |
|
|
|a В сборнике представлены труды участников VI сессии Всероссийского семинара молодых ученых "Дефиниции культуры", проведенной в ноябре 2003 г. в Томском государственном университете (Институт искусств и культуры ТГУ, философский факультет и лаборатория "Методология и теория культуры» ТГУ) при финансовой поддержке Российского гуманитарного научного фонда. Предметом обсуждения является сама возможность формулирования дефиниций культуры и связанные с ней вопросы специфики философии и науки, границ сциентистского познания, нравственной и эстетической ценности деятельности ученого... Для научных работников, преподавателей философских дисциплин, аспирантов и студентов, для всех интересующихся вопросами познания и развития культуры.
|
| 606 |
1 |
|
|a Наука и общество
|x Социальная философия
|2 stltpush
|3 (RuTPU)RU\TPU\subj\45088
|9 64350
|
| 606 |
1 |
|
|a Философия культуры
|2 stltpush
|3 (RuTPU)RU\TPU\subj\67421
|9 83234
|
| 610 |
1 |
|
|a диалектика
|
| 610 |
1 |
|
|a дефиниция
|
| 610 |
1 |
|
|a массовая культура
|
| 610 |
1 |
|
|a духовность
|
| 610 |
1 |
|
|a женщины
|
| 610 |
1 |
|
|a онтология
|
| 610 |
1 |
|
|a типология
|
| 610 |
1 |
|
|a социокультурный контекст
|
| 610 |
1 |
|
|a организационная культура
|
| 610 |
1 |
|
|a историческая культурология
|
| 610 |
1 |
|
|a эстетика
|
| 610 |
1 |
|
|a человек
|
| 610 |
1 |
|
|a материалы семинара
|
| 686 |
|
|
|a Ю671л0
|v LBC/SL-A
|2 rubbk
|
| 712 |
0 |
2 |
|a Томский государственный университет (ТГУ)
|2 stltpush
|3 (RuTPU)RU\TPU\col\397
|
| 712 |
0 |
2 |
|a Российский гуманитарный научный фонд (РГНФ)
|c (Москва)
|2 stltpush
|3 (RuTPU)RU\TPU\col\167
|
| 712 |
1 |
2 |
|a Дефиниции культуры
|c семинар
|d 6
|e Томск
|f 2003
|4 570
|
| 801 |
|
1 |
|a RU
|b 63413507
|c 20180326
|
| 801 |
|
2 |
|a RU
|b 63413507
|c 20180409
|g RCR
|
| 942 |
|
|
|c BK
|